| 000 | 00418nab a2200145Ia 4500 | ||
|---|---|---|---|
| 003 | ES-SlBCS | ||
| 005 | 20210601124320.0 | ||
| 008 | 140529s1989 xxu||||| |||| 00| 0 eng d | ||
| 041 | _aeng | ||
| 100 | 1 |
_aGoldman, Louis _9139513 |
|
| 245 | 0 | 0 |
_aHomer, Literacy, and Education _c Louis Goldman |
| 650 | 0 | 4 |
_aEducación _986687 |
| 773 | 0 |
_tEducational Theory _gvol. 39, nº. 4, 1989, págs. 391-400 _wRev1399 |
|
| 942 | _cAR | ||
| 999 |
_c512810 _d512810 |
||